<?xml version="1.0" encoding="UTF-8"?>
<marc:record xmlns:marc="http://www.loc.gov/MARC21/slim">
   <marc:leader>00000nam a2200000 a 4500</marc:leader>
   <marc:datafield ind1="1" ind2=" " tag="100">
      <marc:subfield code="a">Hay, Louise L.</marc:subfield>
      <marc:subfield code="4">aut</marc:subfield>
      <marc:subfield code="e">Verfasser/-in</marc:subfield>
   </marc:datafield>
   <marc:datafield ind1="0" ind2="0" tag="245">
      <marc:subfield code="a">Heile deinen Körper</marc:subfield>
   </marc:datafield>
   <marc:datafield ind1="0" ind2="0" tag="245">
      <marc:subfield code="b">seelisch-geistige Gründe für körperliche Krankheit</marc:subfield>
   </marc:datafield>
   <marc:datafield ind1="0" ind2="0" tag="245">
      <marc:subfield code="c">Hay, Louise L.</marc:subfield>
   </marc:datafield>
   <marc:datafield ind1=" " ind2="1" tag="264">
      <marc:subfield code="a">München</marc:subfield>
      <marc:subfield code="b">Arkana</marc:subfield>
   </marc:datafield>
   <marc:datafield ind1=" " ind2=" " tag="250">
      <marc:subfield code="a">1. Auflage, deutsche Erstausgabe</marc:subfield>
   </marc:datafield>
   <marc:datafield ind1="1" ind2=" " tag="520">
      <marc:subfield code="a">Ein ganzheitlicher Weg, körperliche Symptome zu überwinden&#xD;
&#xD;
Negative Denkmuster können sich körperlich auswirken und Krankheiten verursachen. Die gute Nachricht ist: Sobald wir uns diese Denkmuster bewusst machen, lassen sie sich mit stärkenden Affirmationen ins Positive wandeln. Unser Körper reagiert darauf und aktiviert seine Selbstheilungskräfte.&#xD;
Dabei ist es unwichtig, wie lange wir diese destruktiven Gedanken, ein Gesundheitsproblem oder eine unglückliche Beziehung schon haben. Wir können heute beginnen, etwas daran zu ändern. Dieser Klassiker von Louise Hay, der erfolgreichsten Lebenshilfe-Autorin der Welt, weckt die Fähigkeit in uns, aktiv zum eigenen Heilungsprozess beizutragen und hat schon Millionen von Menschen inspiriert.</marc:subfield>
   </marc:datafield>
   <marc:datafield ind1=" " ind2=" " tag="020">
      <marc:subfield code="a">9783442343256</marc:subfield>
      <marc:subfield code="9">9783442343256</marc:subfield>
   </marc:datafield>
   <marc:datafield ind1=" " ind2=" " tag="020">
      <marc:subfield code="a">3442343259</marc:subfield>
      <marc:subfield code="9">3442343259</marc:subfield>
   </marc:datafield>
   <marc:datafield ind1=" " ind2=" " tag="041">
      <marc:subfield code="a">ger</marc:subfield>
   </marc:datafield>
   <marc:datafield ind1=" " ind2=" " tag="300">
      <marc:subfield code="b">Illustrationen</marc:subfield>
   </marc:datafield>
   <marc:datafield ind1=" " ind2=" " tag="338">
      <marc:subfield code="a">Band</marc:subfield>
   </marc:datafield>
   <marc:datafield ind1=" " ind2=" " tag="300">
      <marc:subfield code="a">156 Seiten</marc:subfield>
   </marc:datafield>
</marc:record>
